|
|
|
|
| LEADER |
01370nam a2200361 a 4500 |
| 001 |
41368 |
| 003 |
BD-DhAAL |
| 005 |
20230718161752.0 |
| 008 |
230718t1993 mdua b 001 0 eng d |
| 010 |
|
|
|a 93061419
|
| 020 |
|
|
|a 0801848636 (pbk.)
|
| 020 |
|
|
|a 0801848628
|
| 035 |
|
|
|a (OCoLC)29835498
|
| 040 |
|
|
|a MdBJ
|c MdBJ
|d DLC
|d BD-DhAAL
|
| 042 |
|
|
|a lccopycat
|
| 050 |
0 |
0 |
|a HC79.E5
|b T87 1993
|
| 082 |
0 |
0 |
|a 333.7
|
| 100 |
1 |
|
|a Turner, R. Kerry.
|9 333
|
| 245 |
1 |
0 |
|a Environmental economics :
|b an elementary introduction /
|c R. Kerry Turner, David Pearce and Ian Bateman.
|
| 260 |
|
|
|a Baltimore :
|b Johns Hopkins University Press,
|c 1993.
|
| 300 |
|
|
|a viii, 328 pages :
|b illustrations ;
|c 23 cm.
|
| 504 |
|
|
|a Includes bibliographical references and index.
|
| 541 |
|
|
|a Donated By Akbar Ali Khan
|e 41368
|
| 650 |
|
0 |
|a Environmental economics.
|
| 650 |
|
0 |
|a Environmental policy.
|
| 650 |
|
0 |
|a Economic development
|x Environmental aspects.
|
| 650 |
|
0 |
|a Economics.
|
| 700 |
1 |
|
|a Pearce, David W.
|q (David William)
|9 55139
|
| 700 |
1 |
|
|a Bateman, Ian.
|9 55140
|
| 852 |
|
|
|a Ayesha Abed Library
|c Akbar Ali Khan Collection
|
| 942 |
|
|
|2 ddc
|c BK
|
| 999 |
|
|
|c 46000
|d 46000
|
| 952 |
|
|
|0 0
|1 0
|2 ddc
|4 0
|6 333_700000000000000_TUR
|7 1
|9 74088
|a BRACUL
|b BRACUL
|c AAKC
|d 2023-07-18
|e Donated By Akbar Ali Khan
|g 2165.00
|l 0
|o 333.7 TUR
|p 3010041368
|r 2023-07-18
|t 1
|w 2023-07-18
|y BK
|x USD 19.95
|